000 00619nam a2200157 4500
005 20260410182722.0
008 -
040 _aBiblioteca LadoV Teorética
_cBiblioteca LadoV Teorética
082 0 4 _a327.1
_bL945s
100 1 _aLudmila, Natalia
245 1 0 _a15,754 :
_bstories between two offices - relatos entre dos despachos - เรื่องราวระหว่างสองสำนักงาน / por Natalia Ludmila
260 1 _aMexico :
_bS--ediciones,
_c2023
300 _a92 páginas :
_btexto en español - ingles - tailandés ;
_c13 x 9 cm.
650 4 _aHECHOS INTERNACIONALES
942 _2ddc
_c1
_n0
999 _c4631
_d4631